[Event "Rio Grande op 22nd"]
[Site "Rio Grande"]
[Date "2022.10.20"]
[Round "3"]
[White "Jorge, Cristian"]
[Black "Zsilavecz, Daniel"]
[Result "1-0"]
[WhiteElo "1901"]
[BlackElo "1576"]
[PlyCount "84"]
[EventDate "2022.10.19"]
[EventType "swiss"]
[EventRounds "7"]
[EventCountry "ARG"]
[SourceTitle "EXT 2024"]
[Source "ChessBase"]
[SourceDate "2023.10.10"]
[SourceVersion "1"]
[SourceVersionDate "2023.10.10"]
[SourceQuality "1"]

1. e4 c5 2. d4 cxd4 3. c3 dxc3 4. Nxc3 g6 5. Qd4 Nf6 6. e5 Nc6 7. Qf4 Nh5 8. Qe4 Qa5 9. Nf3 f5 10. Qd5 e6 11. Qxa5 Nxa5 12. Nb5 Bb4+ 13. Kd1 Ke7 14. a3 Nb3 15. axb4 Nxa1 16. Bg5+ Kf7 17. Nd6+ Kg7 18. Bc4 h6 19. Be3 a5 20. b5 a4 21. h3 f4 22. Bb6 Rf8 23. Kd2 Nb3+ 24. Kc3 Na5 25. Bd3 Kh7 26. Bc2 Nb3 27. Nh4 Rg8 28. Rf1 Rg7 29. Ne8 Rg8 30. Nc7 Ra5 31. Bxb3 Rxb5 32. Nxb5 axb3 33. Nd6 g5 34. Nf3 Ng7 35. Nd4 Nf5 36. N4xf5 exf5 37. Kd4 g4 38. h4 Kg6 39. Rc1 Kh5 40. Rxc8 Rxc8 41. Nxc8 Kxh4 42. Bd8+ Kh5 1-0

[Event "ARG-ch 96th"]
[Site "Buenos Aires"]
[Date "2022.06.02"]
[Round "1"]
[White "Perdomo, Leandro Daniel"]
[Black "Jorge, Cristian"]
[Result "1-0"]
[WhiteElo "2436"]
[BlackElo "1929"]
[PlyCount "77"]
[EventDate "2022.06.02"]
[EventType "swiss"]
[EventRounds "11"]
[EventCountry "ARG"]
[SourceTitle "CBM 208 Extra"]
[Source "ChessBase"]
[SourceDate "2022.07.31"]
[SourceVersion "1"]
[SourceVersionDate "2022.07.31"]
[SourceQuality "1"]

1. d4 Nf6 2. c4 e5 3. dxe5 Ng4 4. Bf4 Bc5 5. e3 d6 6. Nf3 Nc6 7. Bg5 Qd7 8. exd6 Bxd6 9. Nc3 0-0 10. Be2 Qf5 11. Qd3 Qa5 12. Qd5 Qb4 13. Qb5 a6 14. Qxb4 Bxb4 15. Rc1 Nge5 16. Nxe5 Nxe5 17. 0-0 Bxc3 18. Rxc3 Be6 19. f4 Nc6 20. f5 Bc8 21. g4 Ne5 22. Rd1 b5 23. cxb5 axb5 24. Be7 Re8 25. Bxb5 c6 26. Bxc6 Nxc6 27. Rxc6 h5 28. Rc7 hxg4 29. e4 Rxa2 30. Ba3 g6 31. fxg6 fxg6 32. Kf2 Be6 33. Kg3 g5 34. Rc5 Kh7 35. Rxg5 Kh6 36. Kh4 Rg8 37. Rxg8 Bxg8 38. Kxg4 Bf7 39. Kf4 1-0

[Event "Moron Perez Cup U2200 sf"]
[Site "Moron"]
[Date "2019.08.03"]
[Round "5.3"]
[White "Rasgido, Alejandro"]
[Black "Jorge, Cristian"]
[Result "1-0"]
[WhiteElo "1898"]
[BlackElo "2029"]
[PlyCount "61"]
[EventDate "2019.07.29"]
[EventType "swiss"]
[EventRounds "6"]
[EventCountry "ARG"]
[SourceTitle "EXT 2024"]
[Source "ChessBase"]
[SourceDate "2023.10.10"]
[SourceVersion "1"]
[SourceVersionDate "2023.10.10"]
[SourceQuality "1"]

1. d4 c5 2. c3 d5 3. Nf3 Nc6 4. Bg5 Qb6 5. b3 Bg4 6. e3 h6 7. Bh4 Nf6 8. Bxf6 gxf6 9. h3 Bh5 10. Bd3 0-0-0 11. g4 Bg6 12. Nh4 Rg8 13. Nxg6 fxg6 14. Qc2 cxd4 15. cxd4 Kb8 16. a3 e5 17. Nd2 exd4 18. e4 dxe4 19. Nxe4 f5 20. Nf6 Rg7 21. gxf5 Ne5 22. Ne4 gxf5 23. Nd2 Rc8 24. Nc4 Nf3+ 25. Kd1 Qc6 26. Rf1 Nh4 27. Ra2 b5 28. Nd2 Qg2 29. Qb1 Rc3 30. Bxf5 Nf3 31. Qe4 1-0

[Event "Rio Grande op 19th"]
[Site "Rio Grande"]
[Date "2019.07.09"]
[Round "7"]
[White "Pinedo, Nicolas"]
[Black "Jorge, Cristian"]
[Result "0-1"]
[WhiteElo "1728"]
[BlackElo "2029"]
[PlyCount "115"]
[EventDate "2019.07.05"]
[EventType "swiss"]
[EventRounds "7"]
[EventCountry "ARG"]
[SourceTitle "EXT 2020"]
[Source "ChessBase"]
[SourceDate "2019.10.17"]
[SourceVersion "1"]
[SourceVersionDate "2019.10.17"]
[SourceQuality "1"]

1. d4 c5 2. Nf3 cxd4 3. Nxd4 e5 4. Nb3 d5 5. e4 Be6 6. exd5 Qxd5 7. Qxd5 Bxd5 8. Nc3 Bc6 9. Be3 Bb4 10. a3 Bxc3+ 11. bxc3 Ne7 12. Na5 Nd5 13. Bd2 0-0 14. Nxc6 Nxc6 15. Be2 Rac8 16. Bf3 e4 17. Be2 Na5 18. 0-0 Nxc3 19. Bxc3 Rxc3 20. Ra2 Rfc8 21. Rc1 g6 22. Kf1 Nb3 23. Rd1 Rxc2 24. Rxc2 Rxc2 25. Bb5 Nc5 26. Rd8+ Kg7 27. Rc8 a6 28. Ba4 Rc3 29. Bd1 Na4 30. Rxc3 Nxc3 31. Bc2 f5 32. Ke1 Nb5 33. a4 Nd4 34. Bb1 b6 35. Kd2 Kf6 36. Kc3 Ke5 37. Ba2 Ne2+ 38. Kd2 Nf4 39. g3 Nh3 40. Ke2 g5 41. Kf1 g4 42. Bc4 a5 43. Bg8 h6 44. Bc4 Ng5 45. Bb5 Nf3 46. Kg2 Nd4 47. Be8 Kd6 48. h3 gxh3+ 49. Kxh3 Ke5 50. Kh4 f4 51. Kg4 Ne6 52. gxf4+ Nxf4 53. Bb5 Nd5 54. Kh5 Nc3 55. Bd7 Nd1 56. Kxh6 Nxf2 57. Kg5 e3 58. Bb5 0-1

[Event "Buenos Aires La Porta Cup"]
[Site "Buenos Aires"]
[Date "2019.03.21"]
[Round "2"]
[White "Jorge, Cristian"]
[Black "Garcia Palermo, Carlos H"]
[Result "0-1"]
[WhiteElo "2029"]
[BlackElo "2407"]
[PlyCount "84"]
[EventDate "2019.03.20"]
[EventType "swiss"]
[EventRounds "9"]
[EventCountry "ARG"]
[SourceTitle "CBM 189 Extra"]
[Source "ChessBase"]
[SourceDate "2019.05.31"]
[SourceVersion "1"]
[SourceVersionDate "2019.05.31"]
[SourceQuality "1"]

1. e4 e5 2. Nf3 Nc6 3. Bc4 Bc5 4. Nc3 Nf6 5. d3 d6 6. Bg5 Na5 7. Bxf6 gxf6 8. Nh4 Nxc4 9. dxc4 Be6 10. Qd3 Bb4 11. 0-0 Bxc3 12. Qxc3 Qd7 13. Rfd1 Qc6 14. Qf3 Ke7 15. b3 Rag8 16. h3 Rg5 17. Kh2 f5 18. exf5 Qxf3 19. Nxf3 Rxf5 20. Rd2 Rg8 21. Re1 b6 22. Re3 Rf6 23. a4 Rfg6 24. Nh4 Rh6 25. Rg3 Rxg3 26. Kxg3 f5 27. Nf3 f4+ 28. Kh2 Bf5 29. Re2 Bg4 30. a5 Bxf3 31. gxf3 Kd7 32. axb6 cxb6 33. Re1 Rg6 34. Ra1 a5 35. b4 axb4 36. Ra7+ Kc6 37. Rxh7 e4 38. fxe4 f3 39. Rf7 Rg2+ 40. Kh1 Rxf2 41. h4 Rxc2 42. Rxf3 Rc3 0-1

[Event "Rio Grande op 18th"]
[Site "Rio Grande"]
[Date "2018.07.08"]
[Round "6"]
[White "Martinez, Carlos3"]
[Black "Jorge, Cristian"]
[Result "0-1"]
[WhiteElo "1951"]
[BlackElo "2037"]
[PlyCount "68"]
[EventDate "2018.07.05"]
[EventType "swiss"]
[EventRounds "7"]
[EventCountry "ARG"]
[SourceTitle "EXT 2019"]
[Source "ChessBase"]
[SourceDate "2018.10.10"]
[SourceVersion "1"]
[SourceVersionDate "2018.10.10"]
[SourceQuality "1"]

1. e4 Nf6 2. e5 Nd5 3. d4 d6 4. Nf3 g6 5. Bc4 c6 6. 0-0 Bg7 7. h3 0-0 8. a4 h6 9. Nc3 Be6 10. Nxd5 Bxd5 11. Bd3 dxe5 12. Nxe5 c5 13. Re1 cxd4 14. Qg4 Nc6 15. f4 e6 16. h4 h5 17. Qg3 Ne7 18. b3 Bf6 19. Nf3 Bxf3 20. Qxf3 Bxh4 21. Re2 Nd5 22. g4 hxg4 23. Qxg4 Kg7 24. Rxe6 Nf6 25. Qxh4 fxe6 26. Qg5 Qe8 27. Bb2 Rd8 28. Re1 Rd5 29. f5 e5 30. Bc4 Rd6 31. Ba3 Nh7 32. f6+ Rdxf6 33. Bxf8+ Rxf8 34. Rxe5 Nxg5 0-1

[Event "Rio Grande op 18th"]
[Site "Rio Grande"]
[Date "2018.07.05"]
[Round "2"]
[White "Jorge, Cristian"]
[Black "Garcia Palermo, Carlos H"]
[Result "0-1"]
[WhiteElo "2037"]
[BlackElo "2392"]
[PlyCount "56"]
[EventDate "2018.07.05"]
[EventType "swiss"]
[EventRounds "7"]
[EventCountry "ARG"]
[SourceTitle "EXT 2019"]
[Source "ChessBase"]
[SourceDate "2018.10.10"]
[SourceVersion "1"]
[SourceVersionDate "2018.10.10"]
[SourceQuality "1"]

1. e4 e6 2. d4 d5 3. exd5 exd5 4. Bd3 g6 5. Bf4 Bg7 6. Nf3 Ne7 7. Be5 0-0 8. Bxg7 Kxg7 9. Qd2 Nbc6 10. c3 Qd6 11. h3 Bf5 12. Na3 Be4 13. Bxe4 dxe4 14. Nc4 Qe6 15. Nfe5 Nxe5 16. Nxe5 Rad8 17. Ng4 c5 18. Qh6+ Kg8 19. dxc5 f5 20. Nh2 Qc4 21. Qe3 Rd3 22. Qc1 Nd5 23. 0-0 e3 24. Nf3 Nf4 25. Qc2 e2 26. Rfe1 Qe4 27. Qb3+ Kh8 28. Qb4 Nxg2 0-1

[Event "ARG-ch Amateur U2300"]
[Site "Torre Blanca"]
[Date "2016.12.08"]
[Round "2.6"]
[White "Jorge, Cristian"]
[Black "Salvati, Diego Javier"]
[Result "1-0"]
[WhiteElo "2134"]
[BlackElo "2020"]
[PlyCount "113"]
[EventDate "2016.12.08"]
[EventType "swiss"]
[EventRounds "8"]
[EventCountry "ARG"]
[SourceTitle "EXT 2024"]
[Source "ChessBase"]
[SourceDate "2023.10.10"]
[SourceVersion "1"]
[SourceVersionDate "2023.10.10"]
[SourceQuality "1"]

1. e4 e6 2. d4 d5 3. exd5 exd5 4. Nf3 Bf5 5. Bd3 Bxd3 6. Qxd3 Nf6 7. Qb5+ Nbd7 8. Qxb7 Bd6 9. 0-0 0-0 10. b3 Re8 11. Bg5 h6 12. Bh4 Qe7 13. Nbd2 Qf8 14. Rfe1 Reb8 15. Qa6 c5 16. Qd3 cxd4 17. Nxd4 g6 18. Bxf6 Nxf6 19. Nb5 Bf4 20. Nf3 a6 21. Nbd4 Rc8 22. g3 Bd6 23. Nh4 Bb4 24. Re5 Rc3 25. Qe2 Rac8 26. Qxa6 Qg7 27. Rd1 R3c7 28. a3 Bc3 29. Nhf3 Bxd4 30. Nxd4 Ne4 31. Rxd5 Nc3 32. Nb5 Nxd5 33. Nxc7 Rxc7 34. Qa8+ Kh7 35. Qxd5 Rxc2 36. Qd4 Qf8 37. Qf6 Qe8 38. a4 h5 39. a5 Re2 40. a6 Re6 41. Qa1 h4 42. a7 Qa8 43. Rd8 Re1+ 44. Qxe1 Qxd8 45. Qe4 Qd1+ 46. Kg2 h3+ 47. Kxh3 Qd7+ 48. Kg2 Qxa7 49. b4 Qb6 50. Qd5 f5 51. b5 Kh6 52. Qc6 Qd4 53. b6 f4 54. b7 fxg3 55. hxg3 Qb4 56. Qf3 Qb6 57. Qf8+ 1-0

[Event "ARG-ch Amateur U2300"]
[Site "Torre Blanca"]
[Date "2016.12.08"]
[Round "1.11"]
[White "Lujan, Nelson"]
[Black "Jorge, Cristian"]
[Result "0-1"]
[WhiteElo "2006"]
[BlackElo "2134"]
[PlyCount "130"]
[EventDate "2016.12.08"]
[EventType "swiss"]
[EventRounds "8"]
[EventCountry "ARG"]
[SourceTitle "EXT 2024"]
[Source "ChessBase"]
[SourceDate "2023.10.10"]
[SourceVersion "1"]
[SourceVersionDate "2023.10.10"]
[SourceQuality "1"]

1. e4 Nf6 2. Nc3 d6 3. Nf3 g6 4. d4 c6 5. a4 Bg7 6. Be2 0-0 7. 0-0 Nbd7 8. h3 e5 9. Be3 Re8 10. dxe5 dxe5 11. Bc4 Qc7 12. a5 Nf8 13. Qe2 Be6 14. Rfd1 b5 15. axb6 axb6 16. Rxa8 Rxa8 17. Ng5 Bxc4 18. Qxc4 Rc8 19. Bxb6 Qxb6 20. Nxf7 Rc7 21. Na4 Qb5 22. Nxe5+ Qxc4 23. Nxc4 Nxe4 24. f3 Ng3 25. c3 Nd7 26. Kf2 Nf5 27. g4 Ne7 28. Nab6 Nxb6 29. Rd8+ Kf7 30. Nxb6 Rb7 31. Nc4 Rb3 32. Ke2 Bf6 33. Kd1 Kg7 34. Kc2 Rb5 35. Ra8 Rb7 36. Nd6 Rd7 37. Ne4 Nd5 38. Rc8 Rc7 39. Ra8 Kh6 40. c4 Nb4+ 41. Kb3 Be7 42. c5 Nd3 43. Ra5 Rb7+ 44. Kc3 Nf4 45. Ra6 Rc7 46. b4 Nxh3 47. Kc4 Ng5 48. Nd2 Ne6 49. Nb3 Kg5 50. Ra3 Kf4 51. Nc1 Bf6 52. Ne2+ Kg5 53. Re3 Nf4 54. Ng3 Nd5 55. Re6 Kf4 56. Ne4 Bg7 57. Nd6 Re7 58. Re4+ Rxe4+ 59. fxe4 Ne3+ 60. Kb3 Nxg4 61. b5 Ne5 62. b6 Nd7 63. Kc4 Bf8 64. b7 Bxd6 65. cxd6 Kxe4 0-1

[Event "ARG-ch sf"]
[Site "Vicente Lopez"]
[Date "2016.06.27"]
[Round "4"]
[White "Slipak, Sergio"]
[Black "Jorge, Cristian"]
[Result "1-0"]
[WhiteElo "2439"]
[BlackElo "2177"]
[PlyCount "95"]
[EventDate "2016.06.25"]
[EventType "swiss"]
[EventRounds "9"]
[EventCountry "ARG"]
[SourceTitle "CBM 173 Extra"]
[Source "ChessBase"]
[SourceDate "2016.08.29"]
[SourceVersion "1"]
[SourceVersionDate "2016.08.29"]
[SourceQuality "1"]

1. Nf3 d5 2. b3 Bf5 3. Bb2 e6 4. d3 Nf6 5. Nh4 Bg6 6. Nxg6 hxg6 7. Nd2 d4 8. e3 c5 9. g3 Qd5 10. e4 Qh5 11. Be2 Qe5 12. Nc4 Qc7 13. a4 Nc6 14. 0-0 Be7 15. Bc1 Nd7 16. f4 0-0-0 17. a5 Rh7 18. Bd2 Rdh8 19. Rf2 g5 20. Qf1 gxf4 21. Bxf4 e5 22. Bd2 Nf6 23. h4 Qd7 24. Rf5 Bd6 25. Bg5 Kb8 26. a6 b6 27. Nxd6 Qxd6 28. Bxf6 gxf6 29. Rxf6 Qd7 30. Qf5 Qxf5 31. Rxf5 Rg8 32. Kh2 Nb4 33. Raf1 Nxc2 34. Rxf7 Rxf7 35. Rxf7 Nb4 36. h5 Nxa6 37. h6 Nc7 38. h7 Rh8 39. Bg4 a5 40. Bf5 Ne8 41. g4 b5 42. g5 c4 43. bxc4 bxc4 44. dxc4 a4 45. g6 a3 46. g7 Nxg7 47. Rxg7 Rxh7+ 48. Bxh7 1-0

[Event "American Continental 02nd"]
[Site "Buenos Aires"]
[Date "2003.08.27"]
[Round "9"]
[White "Jorge, Cristian"]
[Black "Lemos, Damian"]
[Result "0-1"]
[WhiteElo "2148"]
[BlackElo "2206"]
[PlyCount "89"]
[EventDate "2003.08.17"]
[EventType "swiss"]
[EventRounds "11"]
[EventCountry "ARG"]
[SourceTitle "CBM 097"]
[Source "ChessBase"]
[SourceDate "2003.11.11"]
[SourceVersion "1"]
[SourceVersionDate "2003.11.11"]
[SourceQuality "1"]

1. d4 Nf6 2. Nc3 d5 3. Bg5 c6 4. Qd3 g6 5. f3 Qa5 6. h4 b5 7. Qd2 Nbd7 8. e3 Nh5 9. g4 Ng3 10. Rh3 Nxf1 11. Kxf1 h6 12. Bf4 Bg7 13. Nge2 Nb6 14. Rh1 Nc4 15. Qc1 e5 16. b3 exf4 17. bxc4 bxc4 18. Qd2 fxe3 19. Qxe3+ Be6 20. Nf4 0-0 21. Kg2 Rae8 22. Qd2 c5 23. Nfe2 cxd4 24. Nxd4 Qc5 25. Rhd1 Qe7 26. Rh1 Qf6 27. Rad1 Qe7 28. a4 Qd8 29. Rb1 Qc7 30. Rhe1 Re7 31. Rb5 Rd8 32. a5 Qd7 33. a6 Qd6 34. Ra5 Rde8 35. Ra2 Qd7 36. Qd1 Bxg4 37. Rxe7 Bh3+ 38. Kh2 Rxe7 39. f4 Bg4 40. Qd2 Qd6 41. Kg3 Bc8 42. Ra5 Qd7 43. f5 Qc7+ 44. Qf4 Qxa5 45. f6 0-1

[Event "American Continental 02nd"]
[Site "Buenos Aires"]
[Date "2003.08.23"]
[Round "6"]
[White "Jorge, Cristian"]
[Black "Cruz Condori, Alfredo"]
[Result "1-0"]
[WhiteElo "2148"]
[BlackElo "2244"]
[PlyCount "57"]
[EventDate "2003.08.17"]
[EventType "swiss"]
[EventRounds "11"]
[EventCountry "ARG"]
[SourceTitle "CBM 097"]
[Source "ChessBase"]
[SourceDate "2003.11.11"]
[SourceVersion "1"]
[SourceVersionDate "2003.11.11"]
[SourceQuality "1"]

1. e4 c5 2. Nf3 Nc6 3. c3 d5 4. exd5 Qxd5 5. d4 Bg4 6. Be2 cxd4 7. cxd4 e5 8. Nc3 Bb4 9. 0-0 Bxc3 10. bxc3 exd4 11. Nxd4 h5 12. Bxg4 hxg4 13. Re1+ Nce7 14. Qxg4 Nf6 15. Qe2 0-0-0 16. Bf4 Ng6 17. Bg3 Nh4 18. f3 Ng6 19. Rab1 a6 20. Rb4 Rd7 21. Qxa6 Rc7 22. Qa8+ Kd7 23. Qa4+ Kc8 24. Bxc7 Kxc7 25. Nb5+ Kb6 26. Qa7+ Kc6 27. Nd4+ Kc7 28. Rb5 Qd6 29. Qxb7+ 1-0

[Event "American Continental 02nd"]
[Site "Buenos Aires"]
[Date "2003.08.21"]
[Round "4"]
[White "Jorge, Cristian"]
[Black "Markzon, Gregory"]
[Result "0-1"]
[WhiteElo "2148"]
[BlackElo "2267"]
[PlyCount "50"]
[EventDate "2003.08.17"]
[EventType "swiss"]
[EventRounds "11"]
[EventCountry "ARG"]
[SourceTitle "CBM 097"]
[Source "ChessBase"]
[SourceDate "2003.11.11"]
[SourceVersion "1"]
[SourceVersionDate "2003.11.11"]
[SourceQuality "1"]

1. e4 c5 2. Nf3 Nc6 3. c3 Nf6 4. d3 g6 5. g3 Bg7 6. Bg2 0-0 7. 0-0 d6 8. h3 Rb8 9. Be3 b6 10. Nbd2 Ba6 11. Qc2 Rc8 12. c4 Ne8 13. a3 Bb7 14. Rae1 e5 15. Nh2 Nd4 16. Bxd4 cxd4 17. f4 f5 18. Qb3 Kh8 19. Nhf3 fxe4 20. Nxe4 exf4 21. gxf4 Nc7 22. Neg5 Na6 23. Nxh7 Kxh7 24. Ng5+ Kh8 25. Bxb7 Re8 0-1

[Event "American Continental 02nd"]
[Site "Buenos Aires"]
[Date "2003.08.18"]
[Round "2"]
[White "Jorge, Cristian"]
[Black "Szmetan, Ricardo"]
[Result "1/2-1/2"]
[WhiteElo "2148"]
[BlackElo "2288"]
[PlyCount "93"]
[EventDate "2003.08.17"]
[EventType "swiss"]
[EventRounds "11"]
[EventCountry "ARG"]
[SourceTitle "CBM 097"]
[Source "ChessBase"]
[SourceDate "2003.11.11"]
[SourceVersion "1"]
[SourceVersionDate "2003.11.11"]
[SourceQuality "1"]

1. e4 c5 2. Nf3 g6 3. d4 cxd4 4. Qxd4 Nf6 5. Bc4 Nc6 6. Qd3 Bg7 7. 0-0 0-0 8. Nc3 d6 9. h3 Nd7 10. Be3 Nde5 11. Nxe5 Nxe5 12. Qe2 Nxc4 13. Qxc4 Be6 14. Nd5 Rc8 15. Qd3 Bxd5 16. exd5 a6 17. c3 Qc7 18. Bd4 Qc4 19. Qxc4 Rxc4 20. Bxg7 Kxg7 21. Rfe1 Re8 22. Re3 f5 23. a4 f4 24. Rd3 Re4 25. Kf1 g5 26. f3 Re5 27. Re1 Kf6 28. c4 Rc8 29. b3 b5 30. axb5 axb5 31. Rd4 bxc4 32. bxc4 Rxe1+ 33. Kxe1 e5 34. dxe6 Kxe6 35. Re4+ Kf6 36. Kd2 Ra8 37. Kd3 Ra3+ 38. Ke2 Ra2+ 39. Kf1 Ra1+ 40. Kf2 Ra2+ 41. Kf1 h6 42. Kg1 Rd2 43. Kf1 Kg6 44. Re2 Rd1+ 45. Kf2 Kf5 46. Rc2 Ra1 47. c5 1/2-1/2

[Event "American Continental 02nd"]
[Site "Buenos Aires"]
[Date "2003.08.17"]
[Round "1"]
[White "Escobedo Tinajero, Alberto"]
[Black "Jorge, Cristian"]
[Result "1-0"]
[WhiteElo "2405"]
[BlackElo "2148"]
[PlyCount "113"]
[EventDate "2003.08.17"]
[EventType "swiss"]
[EventRounds "11"]
[EventCountry "ARG"]
[SourceTitle "CBM 097"]
[Source "ChessBase"]
[SourceDate "2003.11.11"]
[SourceVersion "1"]
[SourceVersionDate "2003.11.11"]
[SourceQuality "1"]

1. d4 d5 2. c4 e6 3. Nc3 f5 4. Bf4 c6 5. e3 Nf6 6. Nf3 Bd6 7. c5 Bxf4 8. exf4 0-0 9. Be2 Bd7 10. 0-0 Be8 11. Ne5 b5 12. cxb6 axb6 13. b4 Qd6 14. Nd3 Nbd7 15. a4 Ne4 16. Qc2 Ndf6 17. f3 Nxc3 18. Qxc3 Nh5 19. Qd2 Rf7 20. Rfc1 Rfa7 21. Bd1 Qe7 22. g3 h6 23. Ne5 c5 24. dxc5 bxc5 25. bxc5 Bxa4 26. Bxa4 Rxa4 27. Rxa4 Rxa4 28. c6 Qa7+ 29. Qf2 Qc7 30. Rb1 d4 31. Rb7 Qc8 32. Qb2 Kh7 33. Rb4 Rxb4 34. Qxb4 d3 35. Qc3 Nf6 36. Qxd3 Nd5 37. Qb1 Qa8 38. h4 Qa4 39. Qc1 Qa5 40. h5 Qb6+ 41. Kg2 Ne7 42. Kh3 Nd5 43. Nd7 Qf2 44. Nf8+ Kh8 45. Nxe6 Qxf3 46. c7 Qxh5+ 47. Kg2 Qe2+ 48. Kg1 Nxc7 49. Nxc7 Qd3 50. Qe1 Qd4+ 51. Kg2 Qb2+ 52. Kh3 Qb7 53. Ne6 Qf3 54. Kh2 Kg8 55. Nd4 Qd3 56. Qe6+ Kh8 57. Qc8+ 1-0

[Event "ARG-chT"]
[Site "Buenos Aires"]
[Date "1997.??.??"]
[Round "4"]
[White "Jorge, Cristian"]
[Black "Lorenzini, Martin"]
[Result "1/2-1/2"]
[WhiteElo "2150"]
[BlackElo "2325"]
[PlyCount "32"]
[EventDate "1997.??.??"]
[EventType "team-tourn"]
[EventRounds "7"]
[EventCountry "ARG"]
[SourceTitle "EXT 2002"]
[Source "ChessBase"]
[SourceDate "2001.11.25"]
[SourceVersion "1"]
[SourceVersionDate "2001.11.25"]
[SourceQuality "1"]

1. e4 Nc6 2. d4 e5 3. d5 Nce7 4. c4 Ng6 5. Nc3 Bb4 6. Nge2 Nf6 7. Qc2 0-0 8. g3 d6 9. Bg2 Bg4 10. f3 Bd7 11. h4 Nh5 12. Bh3 Bxh3 13. Rxh3 Bxc3+ 14. bxc3 b6 15. g4 Qd7 16. Rh1 Nf6 1/2-1/2